| 000 | 02104nam a2200313Ia 4500 | ||
|---|---|---|---|
| 001 | E0996 | ||
| 003 | IT-RoPAU | ||
| 008 | 130308s9999 xx 000 0 und d | ||
| 040 | _aIT-RoPAU | ||
| 040 | _cIT-RoPAU | ||
| 041 | _aFRANCESE | ||
| 100 | _aBalpe Jean-Pierre | ||
| 100 | _gCodice Aut. SPICS: 44847 | ||
| 245 | _aTechniques avancees pour l'hypertexte | ||
| 245 | _bTechniques Avancees pour L'Hypertexte | ||
| 250 | _a1a ed. | ||
| 260 | _aPARIS | ||
| 260 | _bHermes | ||
| 260 | _c1996 [1° Ed.:1996 - Ed.Ling.Originale:1996] | ||
| 300 | _a"288 p. (prefazione: no ; testo: 288)" | ||
| 500 | _aAltro Coautore è Fabrice Papy. Tecniche Avanzate per L'Ipertesto. Concetti e Definizioni: Note Storiche e problematiche D'Insieme, Finalità dell'Ipertesto, Concetti Strutturali, ipertesto e Utenti, ipertesto e reti Semantiche, Differenti Tipi di Ipertesti, Modellizzazione dei sistemi Ipertesti, Metodologia di Concezione e ingegneria dell'Ipertesto. sistemi e Modelli: Sistema Ipercard, Architettura Generale dei sistemi Ipertetsti, Sistema ipertesto Www, Sistema Marcure. Richieste e Navigazione: Ricerca e navigazione Apartire Dall'Informazione Strutturata e Non Strutturata. Aproccio Strutturale: Semantica della Struttura, Documenti Strutturati, Determinazione dei Nodi, Struttura dei Documenti, Formataggio Nei programmi di Trattamento del testo , Estrazione dei Nodi, Tecniche dell'Ipertestualizzazione, Creazione delle reti ipertesti Consultabili, convergenze delle Tecniche D'Ipertestualizzazione Automatica. Approcci Linguistici: tecnologie D'Ipertestualizzazione, Grammatica Generale, Ipertestualizzazione Linguistica. Aprroccio Statistico: Tipi di Dati, navigazione Ipertestuale, Determinazione dei temi o Polidi Raggruppamento dei Documenti. Sintesi: per Un'Analisi Funzionale dei sistemi D'Ipertesti, sintesi Informatica. Bibliografia. | ||
| 650 | _aTECNICA DELLA MULTIMEDIALITA' | ||
| 650 | _eCodice materia Spics: 4252 | ||
| 700 | _aLelu AlainSaleh Imad | ||
| 700 | _gCodice Aut. SPICS: 37313Codice Aut. SPICS: 44869 | ||
| 942 | _cBK | ||
| 957 | _71 | ||
| 999 |
_c90049 _d90049 |
||
| 999 | _g1 | ||